[Event "Dortmund Sparkassen op-B"]
[Site "Dortmund"]
[Date "2010.07.25"]
[Round "9"]
[White "Westendorp, Christian"]
[Black "Driesner, Norbert"]
[Result "1-0"]
[WhiteElo "1787"]
[BlackElo "1319"]
[PlyCount "40"]
[EventDate "2010.07.17"]
[EventType "swiss"]
[EventRounds "9"]
[EventCountry "GER"]
[SourceTitle "EXT 2014"]
[Source "ChessBase"]
[SourceDate "2013.11.20"]
[SourceVersion "1"]
[SourceVersionDate "2013.11.20"]
[SourceQuality "1"]

1. e4 e5 2. Nf3 Nc6 3. d4 exd4 4. c3 dxc3 5. Bc4 Qe7 6. 0-0 Ne5 7. Nxe5 Qxe5 8. Nxc3 Nf6 9. Qb3 Qe7 10. Bg5 c6 11. Rfe1 h6 12. e5 Qc5 13. exf6+ Be7 14. Bxf7+ Kd8 15. fxe7+ Kc7 16. Bf4+ d6 17. Bxd6+ Qxd6 18. e8N+ Rxe8 19. Rxe8 Be6 20. Qxe6 Qxe6 1-0

[Event "Dortmund Sparkassen op-B"]
[Site "Dortmund"]
[Date "2006.08.05"]
[Round "8"]
[White "Driesner, Norbert"]
[Black "Koenig, Oliver"]
[Result "1-0"]
[WhiteElo "1450"]
[BlackElo "2039"]
[PlyCount "69"]
[EventDate "2006.07.28"]
[EventType "swiss"]
[EventRounds "9"]
[EventCountry "GER"]
[SourceTitle "CBM 113 Extra"]
[Source "ChessBase"]
[SourceDate "2006.09.14"]
[SourceVersion "1"]
[SourceVersionDate "2006.09.14"]
[SourceQuality "1"]

1. e4 e5 2. Nf3 d6 3. c3 f5 4. d3 Nf6 5. h3 Nc6 6. exf5 Bxf5 7. Bg5 Be7 8. Be2 0-0 9. 0-0 Nd7 10. Bxe7 Nxe7 11. Qb3+ Kh8 12. Qxb7 Rb8 13. Qxa7 Rxb2 14. Re1 Nc6 15. Qa4 Qa8 16. Qxa8 Rxa8 17. a3 Nc5 18. Nbd2 Bxd3 19. Bxd3 Nxd3 20. Re3 Nf4 21. Rb1 Rab8 22. Ree1 e4 23. Rxb2 Rxb2 24. Rxe4 g5 25. Nxg5 Nxh3+ 26. Nxh3 Rxd2 27. Rc4 Ne5 28. Rxc7 Rd3 29. a4 d5 30. a5 Ng4 31. g3 d4 32. cxd4 Rxd4 33. a6 Rd8 34. a7 Rd1+ 35. Kg2 1-0